| 000 | 00587nam a22001457a 4500 | ||
|---|---|---|---|
| 008 | 230621b |||||||| |||| 00| 0 eng d | ||
| 040 |
_aNational Science Library _cNational Science Library |
||
| 080 |
_a625.74 _bK0 |
||
| 245 | _aReport on the experimental performance of different types of base course for roads under adverse moisture conditions tested on the road test track at Majherhat, Alipore, Calcutta (1949-1958) | ||
| 260 |
_aNew Delhi: _bThe Indian Roads Congress, _c1960 |
||
| 300 | _a235p. | ||
| 490 | _aRoad research bulletin no. 7 | ||
| 650 | _aReport | ||
| 942 |
_2udc _cREP |
||
| 999 |
_c45696 _d45696 |
||